书目信息 |
| 题名: |
美容美发沙龙
|
|
| 作者: | 常文心 编/译 | |
| 分册: | ||
| 出版信息: | 沈阳 辽宁科学技术出版社 2011.07 |
|
| 页数: | 269页 | |
| 开本: | 30cm | |
| 丛书名: | ||
| 单 册: | ||
| 中图分类: | TU247.6-64 | |
| 科图分类: | ||
| 主题词: | 美容院--mei rong yuan--服务建筑--室内设计--世界--图集 , 理发馆--li fa guan--服务建筑--室内设计--世界--图集 | |
| 电子资源: | ||
| ISBN: | 978-7-5381-6570-8 | |
| 000 | 00917nam0 2200253 450 | |
| 001 | 1148909374 | |
| 005 | 20120223101307.46 | |
| 010 | @a978-7-5381-6570-8@b精装@dCNY268.00@z7-5381-6570-3 | |
| 100 | @a20110720d2011 em y0chiy50 ea | |
| 101 | 0 | @achi@aeng |
| 102 | @aCN@b210000 | |
| 105 | @aa z 001yy | |
| 200 | 1 | @a美容美发沙龙@Amei rong mei fa sha long@d= Beauty salons@f常文心编/译@zeng |
| 210 | @a沈阳@c辽宁科学技术出版社@d2011.07 | |
| 215 | @a269页@c彩图@d30cm | |
| 320 | @a有索引 | |
| 330 | @a本书主要内容包括: 邦迪美发沙龙 ; M外婆的店 ; AVEDA美发沙龙 ; 加莱利发廊 ; 爱丽克巴黎沙龙 —— 北京嘉里中心分店等。 | |
| 510 | 1 | @aBeauty salons@zeng |
| 606 | 0 | @a美容院@Amei rong yuan@x服务建筑@x室内设计@y世界@j图集 |
| 606 | 0 | @a理发馆@Ali fa guan@x服务建筑@x室内设计@y世界@j图集 |
| 690 | @aTU247.6-64@v4 | |
| 701 | 0 | @a常文心@Achang wen xin@4编/译 |
| 801 | 0 | @aCN@c20110720 |
| 905 | @dTU247.6-64@eC298 | |
| 美容美发沙龙= Beauty salons/常文心编/译.-沈阳:辽宁科学技术出版社,2011.07 |
| 269页:彩图;30cm |
| ISBN 978-7-5381-6570-8(精装):CNY268.00 |
| 本书主要内容包括: 邦迪美发沙龙 ; M外婆的店 ; AVEDA美发沙龙 ; 加莱利发廊 ; 爱丽克巴黎沙龙 —— 北京嘉里中心分店等。 |
| ● |
| 相关链接 |
|
|
|
正题名:美容美发沙龙
索取号:TU247.6-64/C298
 
预约/预借
| 序号 | 登录号 | 条形码 | 馆藏地/架位号 | 状态 | 备注 |
| 1 | 1222177 | 212221772 | 建筑库101/101建筑库 71排3列1层/ [索取号:TU247.6-64/C298] | 在馆 | |
| 2 | 1222178 | 212221781 | 建筑库101/101建筑库 71排3列1层/ [索取号:TU247.6-64/C298] | 在馆 | |
| 3 | 483935 | 204839354 | 建筑库101/101建筑库 71排3列1层/ [索取号:TU247.6-64/C298] | 在馆 |